| 000 | 01473nam a2200349Ia 4500 | ||
|---|---|---|---|
| 001 | ebr10675808 | ||
| 003 | CaPaEBR | ||
| 006 | m u | ||
| 007 | cr cn||||||||| | ||
| 008 | 090715s2010 cau sb s001 0 eng d | ||
| 010 | _z 2009028718 | ||
| 020 | _z0520251059 (cloth : alk. paper) | ||
| 020 | _z0520260392 (pbk. : alk. paper) | ||
| 020 | _z9780520251052 (cloth : alk. paper) | ||
| 020 | _z9780520260399 (pbk. : alk. paper) | ||
| 020 | _z9780520945470 | ||
| 040 |
_aCaPaEBR _cCaPaEBR |
||
| 035 | _a(OCoLC)668193943 | ||
| 050 | 1 | 4 |
_aPN1998.2 _b.B3452 2010eb |
| 082 | 0 | 4 |
_a812/.5409 _222 |
| 245 | 0 | 0 |
_aBackstory 5 _h[electronic resource] : _binterviews with screenwriters of the 1990s / _cedited and with an introduction by Patrick McGilligan. |
| 260 |
_aBerkeley : _bUniversity of California Press, _cc2010. |
||
| 300 | _aix, 252 p. | ||
| 504 | _aIncludes bibliographical references and indexes. | ||
| 533 |
_aElectronic reproduction. _bPalo Alto, Calif. : _cebrary, _d2013. _nAvailable via World Wide Web. _nAccess may be limited to ebrary affiliated libraries. |
||
| 650 | 0 |
_aScreenwriters _zCalifornia _zLos Angeles _vInterviews. |
|
| 650 | 0 |
_aMotion picture authorship _zCalifornia _zLos Angeles _vInterviews. |
|
| 655 | 7 |
_aElectronic books. _2local |
|
| 700 | 1 | _aMcGilligan, Patrick. | |
| 710 | 2 | _aebrary, Inc. | |
| 856 | 4 | 0 |
_uhttp://site.ebrary.com/lib/rucke/Doc?id=10675808 _zAn electronic book accessible through the World Wide Web; click to view |
| 999 |
_c58317 _d58317 |
||